[Event "ICS Rated blitz match"]
[Site "204.178.125.65"]
[Date "1999.08.18"]
[Round "?"]
[White "TheBorg"]
[Black "Hossa"]
[Result "1-0"]
[WhiteElo "2632"]
[BlackElo "2316"]
[Annotator "Fritz 5.32 (15s)"]
[PlyCount "115"]
[EventDate "1999.??.??"]

1. d4 1... Nf6 {Opening = E00 - 3.g3 (d5 4.---)} 2. c4 e6 3. Bg5 Be7 (3... c5
4. d5 exd5 5. cxd5 h6 6. Bh4 Qb6 7. Qd2 Ne4 8. Qf4 f5 9. Qxf5 Qb4+ 10. Nc3 Nd6
11. Qg6+ Nf7 12. Qe4+ Qxe4 13. Nxe4 d6 14. Nc3 a6 15. a4 g5 16. Bg3 Bg7 17. Nf3
Nd7 18. Nd2 {Kortschnoj,V-Kosten,A/London 1982/MCD/1-0 (39)}) 4. Nf3 $146 (4.
Nc3 O-O (4... h6 5. Bh4 O-O 6. e4 Nxe4 7. Bxe7 Nxc3 8. Bxd8 Nxd1 9. Be7 Re8 10.
Ba3 Nxf2 11. Kxf2 Nc6 12. Nf3 b6 13. Be2 Bb7 14. Rhd1 d6 15. Rac1 Rad8 16. d5
Ne7 17. dxe6 fxe6 18. Nd4 Rf8+ 19. Kg1 {
Hook,W-Geishman,J/Philadelphia 1998/EXT 99/1-0 (48)}) (4... d6 5. Nf3 c6 6. Qc2
Nbd7 7. Rd1 Qc7 8. e3 O-O 9. Bd3 Re8 10. O-O Nf8 11. h3 Bd7 12. Rd2 Rac8 13.
Rfd1 b5 14. c5 Nd5 15. Bxe7 Rxe7 16. Ne4 dxc5 17. dxc5 Be8 18. Nd6 Rb8 19. e4 {
Martin,A-Barton,R/Hove 1997/EXT 99/1-0 (46)}) 5. e4 h6 6. Bxf6 Bxf6 7. e5 Be7
8. Bd3 d6 9. f4 c5 10. dxc5 dxe5 11. fxe5 Qc7 12. Qe2 Nd7 13. Nf3 Nxc5 14. Bc2
Bd7 15. O-O Bc6 16. Rae1 b6 17. Nd2 Rad8 18. b4 18... Nd7 {
Uusi Oukari,S-Karstu,T/Kuopio 1992/EXT 98/0-1 (35)}) (4. e3 d6 5. Bd3 c6 6. Nc3
Nbd7 7. Nge2 b6 8. O-O Bb7 9. e4 Qc7 10. h3 a6 11. Rc1 c5 12. d5 O-O 13. Ng3
Ne5 14. Rc2 Rac8 15. Qe2 Qd7 16. f4 Nxd3 17. Qxd3 Qc7 18. b3 18... h6 {
Rossmann,E-Fiedler,W/Schloss Schney 1997/EXT 99/[Bulletin]/0-1 (62)}) 4... Ne4
5. Bxe7 {Weiss verhindert die kurze Rochade} 5... Qxe7 6. e3 d5 7. Nbd2 Nxd2 8.
Qxd2 Nd7 9. Bd3 $11 (9. Rc1 dxc4 10. Rxc4 10... Nb6 $14) 9... dxc4 10. Bxc4 e5
11. dxe5 Nxe5 12. Nxe5 Qxe5 13. O-O O-O 14. Rad1 Bg4 15. Qd4 Qg5 16. Qd5 Qxd5
17. Rxd5 Rad8 18. Re5 Rd2 19. b4 19... h6 $14 (19... Be6 $5 {ist zu beachten}
20. Bxe6 fxe6 21. Rxe6 21... Kf7 $11) 20. Rc1 Be6 21. Bxe6 fxe6 22. f3 Rf7 (
22... Rxa2 23. Rxc7 Rd8 24. h4 $15) 23. Rxe6 Rxa2 24. Re8+ Kh7 25. h4 a5 26.
Ra8 $15 (26. bxa5 Rxa5 27. e4 27... Kg6 $11) 26... b6 $11 (26... a4 $5 $15 {
ist vielleicht staerker}) 27. bxa5 27... Rxa5 $16 (27... bxa5 28. Rc5 $11) 28.
Rxa5 bxa5 29. e4 29... g6 $16 (29... c5 30. Rxc5 Ra7 31. Rc3 $14) 30. Kf2 $14 (
30. Rc5 a4 31. Ra5 31... c5 $16) 30... Rd7 $16 (30... c5 31. Rxc5 Ra7 32. Rc3
$16) 31. Ra1 31... g5 $18 (31... Rd2+ 32. Kg3 $16) 32. hxg5 hxg5 33. Rxa5 Kg6
34. Rc5 Re7 (34... Kh5 35. Ke3 Kg6 36. Rc6+ Kf7 37. e5 $18) 35. Rc6+ Kg7 36.
Kg3 Kf8 37. Rc5 Kf7 38. Rxg5 Ke6 (38... c6 39. Rc5 $18) 39. Kf4 {
Weiss erlangt Initiative} 39... Rf7+ 40. Rf5 Rh7 41. g4 Rd7 42. g5 Rd3 43. Re5+
Kd7 (43... Kf7 $18 {der letzte Widerstandsversuch}) 44. Rd5+ Rxd5 45. exd5 Ke7
46. Ke5 Kf7 47. d6 (47. f4 $142 {entschiede die Partie sofort} 47... Kg6 $18)
47... c5 {Der Freibauer d6 fuehrt schnell zu Drohungen} (47... cxd6+ {
ist vielleicht noch ein Schwindelversuch} 48. Kxd6 48... Kg6 $18) 48. g6+ Kg7 (
48... Ke8 {kann das Vorangegangene nicht ungeschehen machen} 49. g7 $1 {huebsch
} 49... Kf7 50. g8=Q+ Kxg8 51. Kf6 c4 52. d7 Kh7 53. d8=Q c3 54. Qd7+ Kg8 55.
Qg7#) 49. d7 Kxg6 50. Kd5 $18 (50. d8=Q Kf7 51. Qf6+ Kg8 52. Qg6+ Kh8 53. Kf6
c4 54. Qg7#) 50... Kg5 51. Kxc5 (51. d8=Q+ Kf4 52. Qf6+ Ke3 53. Kxc5 Ke2 54.
Kd4 Kf1 55. Ke3 Kg1 56. Qg5+ Kh2 57. Kf2 Kh3 58. Qg3#) 51... Kf5 (51... Kf4 52.
d8=Q Ke3 53. Qg5+ Ke2 54. Kd4 Kf2 55. Ke4 Ke1 56. Qg2 Kd1 57. Kd3 Ke1 58. Qe2#)
52. Kd4 {Es droht Matt} 52... Kg5 (52... Kf4 {holt die Kuh nicht vom Eis} 53.
d8=Q Kf5 54. Qc8+ Kf6 55. Ke4 Kg7 56. Kf5 Kf7 57. Qc7+ Kf8 58. Kf6 Ke8 59. Qe7#
) 53. Ke5 (53. d8=Q+ Kf4 54. Qf6+ Kg3 55. Ke3 Kg2 56. Qg5+ Kh3 57. Qg1 Kh4 58.
Qg4#) 53... Kg6 (53... Kh4 {hilft auch nicht mehr} 54. d8=Q+ Kg3 55. Ke4 Kg2
56. Ke3 Kg3 57. Qg5+ Kh3 58. Qg1 Kh4 59. Qg4#) 54. d8=Q Kf7 55. Qf6+ Ke8 56.
Qg7 Kd8 57. Kd6 Kc8 (57... Ke8 {macht keinen grossen Unterschied} 58. Qe7#) 58.
Qc7# 1-0

[Event "ICS rated blitz match"]
[Site "204.178.125.65"]
[Date "1999.08.18"]
[Round "?"]
[White "Hossa"]
[Black "TheBorg"]
[Result "1/2-1/2"]
[WhiteElo "2312"]
[BlackElo "2636"]
[Annotator "Fritz 5.32 (15s)"]
[PlyCount "223"]
[EventDate "1999.??.??"]

1. d4 1... d5 {Opening = 6.Qc2 Be7 7.e3 Nbd7 8.Bd3 0-0 9.Nf3 ---} 2. c4 e6 3.
Nc3 Nf6 4. cxd5 exd5 5. Bg5 Be7 6. Qc2 O-O 7. e3 c6 8. Bd3 Nbd7 9. Nf3 Re8 10.
h3 h6 11. Bf4 Nf8 12. O-O Ne6 13. Be5 (13. Bh2 g6 (13... b6 14. Rfe1 Bb7 15.
Rac1 a6 16. Qd2 c5 17. Bb1 Rc8 18. a3 b5 19. dxc5 Nxc5 20. Nd4 Bd6 21. Bxd6
Qxd6 22. Bf5 Rcd8 23. Qc2 Ncd7 24. Red1 Ne5 25. Qe2 Nc4 26. Bb1 Qe5 27. Nf3 Qe7
28. Nd4 Qe5 29. Nf3 Qe7 30. Nd4 30... Qe5 {
- Duboc,A-Taylor,M/Witley 1998/EXT 99 (30)}) 14. Ne5 Ng7 15. g4 h5 16. f3 Be6
17. Kh1 Rc8 18. Qg2 Bd6 19. Ne2 Qe7 20. Nf4 hxg4 21. hxg4 Bxe5 22. dxe5 Nd7 23.
Nh3 Nc5 24. Bc2 Rcd8 25. Rad1 f5 26. exf6 Qxf6 27. Bf4 Rd7 28. Qh2 Rf8 29. Ng5
Ne8 30. Be5 Qxg5 31. Qh8+ Kf7 32. Qh7+ Ng7 33. Qxg7+ {
1-0 Gurevich,M-Jakob,S/Bern 1989/CBM 11 (33)}) 13... Bd6 14. Bf5 $146 (14. Rab1
a5 15. Rfc1 Qe7 16. a3 Bd7 17. Na4 Red8 18. Bxd6 Qxd6 19. b4 axb4 20. axb4 Rac8
21. Nc5 Rc7 22. Nxe6 Bxe6 23. b5 Nd7 24. bxc6 bxc6 25. Qd2 c5 26. dxc5 Rxc5 27.
Nd4 Rxc1+ 28. Rxc1 28... Ne5 {Robert,A-Peisser,M/Biel 1990/EXT 97/ - (64)})
14... Bxe5 15. Bxe6 $15 (15. Nxe5 $5 {muss geprueft werden} 15... c5 16. Bxe6
Rxe6 17. Nf3 $11) 15... Bd6 16. Bxc8 Qxc8 17. Rac1 Qe6 18. Rfd1 Re7 19. Nh4 Ne4
20. Qd3 Qf6 21. Nf3 Bb4 22. Qe2 Nxc3 23. bxc3 Bd6 24. c4 dxc4 25. Rxc4 Rd8 26.
Qd3 Rdd7 27. e4 Qg6 28. Re1 Bf4 29. Ra4 b6 30. Rc4 Rd6 31. Rc2 31... Rde6 {
Alles auf e4!} 32. Rce2 b5 33. Nh4 Qh5 34. Nf5 Rd7 35. Qc3 Rg6 36. Rc2 {
Richtet die Aufmerksamkeit auf den rueckstaendigen Bauern} 36... a5 $14 (36...
b4 37. Qxb4 Qxh3 38. g3 $14) 37. Kh1 37... Qg5 {Droht Matt: Qxg2} 38. Qf3 Re6
39. Rd1 Bc7 40. h4 40... Qf4 {Droht Matt} 41. Qxf4 Bxf4 42. g3 Rxe4 (42... Bc7
43. Rdc1 g6 44. Nxh6+ Kg7 45. Ng4 Rxe4 46. Rxc6 Rxg4 47. Rxc7 Rxc7 48. Rxc7
Rxd4 49. Rc2 $15) 43. Rxc6 $15 (43. gxf4 $5 {ist eine gute Alternative} 43...
Rxf4 44. Ne3 $11) 43... g6 44. gxf4 gxf5 45. Rxh6 $17 (45. d5 45... Re2 $15)
45... Rexd4 46. Rxd4 Rxd4 47. a3 Rxf4 48. Kg2 Rg4+ 49. Kf1 Kg7 50. Rb6 Rxh4 51.
Rxb5 Ra4 52. Rb3 Kf6 53. f3 Ke5 54. Re3+ Kd5 55. Ke2 f4 56. Rd3+ Rd4 57. Rc3 a4
58. Rc8 f6 59. Ra8 Ke5 60. Ra5+ Ke6 61. Ra6+ Kf5 62. Ra8 Kg6 63. Rg8+ Kh6 64.
Rh8+ Kg7 65. Rb8 Kf7 66. Rb7+ Ke6 67. Rb6+ Kd5 68. Rxf6 $17 (68. Ra6 $5 $15 {
muss unbedingt geprueft werden}) 68... Kc4 69. Rb6 Kc3 70. Ke1 Kc2 71. Kf1 Rd3
72. Kf2 72... Rxa3 {a4 setzt sich schnell in Bewegung} 73. Rb4 73... Ra2 {
Droht Matt: Kc3} 74. Rxf4 a3 75. Ke3 Rb2 76. Rc4+ 76... Kb3 {
Mit der Mattdrohung Kxc4} 77. Rc7 a2 78. Rb7+ Kc2 79. Ra7 Kb1 80. Ke4 Rb8 81.
f4 Re8+ 82. Kf5 Rf8+ 83. Ke4 Rb8 84. Kf5 Rb2 (84... a1=Q 85. Rxa1+ Kxa1 86. Kg6
Rg8+ 87. Kf7 $11) 85. Ra5 (85. Ke6 a1=Q 86. Rxa1+ 86... Kxa1 $11) 85... Rb3 86.
Ke5 Re3+ 87. Kd4 Re1 88. f5 Rd1+ 89. Ke5 Rc1 (89... a1=Q+ 90. Rxa1+ Kxa1 91. f6
$11) 90. Kf6 $2 (90. f6 a1=Q+ 91. Rxa1+ Kxa1 92. f7 $11) 90... Rc6+ (90...
a1=Q+ 91. Rxa1+ 91... Kxa1 $11) 91. Kg5 (91. Kg7 $142 91... Rc7+ 92. Kg8 $19)
91... a1=Q {Es droht Matt} 92. Rxa1+ Kxa1 93. f6 Kb2 94. f7 Rc5+ 95. Kg6 Rc8
96. Kg7 Rc7 97. Kg8 Rc8+ 98. f8=R Rc1 99. Ra8 Rb1 100. Kf7 Rc1 101. Kg6 Rb1
102. Rb8+ Ka1 103. Rc8 Rd1 104. Kf6 Rb1 105. Rc7 Rd1 106. Rc6 Rb1 107. Rc5 Rd1
108. Rc4 Rb1 109. Rc3 Rd1 110. Rc2 Rb1 111. Rc3 Rd1 112. Rc2 1/2-1/2

[Event "ICS rated blitz match"]
[Site "204.178.125.65"]
[Date "1999.08.18"]
[Round "?"]
[White "TheBorg"]
[Black "Hossa"]
[Result "1/2-1/2"]
[WhiteElo "2624"]
[BlackElo "2324"]
[Annotator "Fritz 5.32 (15s)"]
[PlyCount "122"]
[EventDate "1999.??.??"]

1. d4 1... Nf6 {Opening = A52 - 3.de5 Ng4} 2. c4 e5 3. dxe5 Ng4 4. Nf3 Bc5 5.
e3 Nc6 6. Be2 Ncxe5 (6... Bb4+ 7. Nbd2 Ngxe5 8. a3 Be7 9. O-O O-O 10. Qc2 d6
11. b3 Bf6 12. Bb2 Bg4 13. Rfe1 Nxf3+ 14. Nxf3 Rb8 15. Rad1 Qe7 16. Nd4 Be6 17.
Bf3 17... Nd8 {- Mull,D-Philippi,W/Bernkastel-Kues 1995/EXT 99 (17)}) 7. Nbd2
$15 (7. O-O d6 (7... O-O 8. Nd4 (8. a3 a5 9. b3 Qf6 10. Nc3 Nxf3+ 11. Bxf3 Nxh2
12. Kxh2 Qxc3 13. Ra2 a4 14. Qd5 Bd6+ 15. g3 Ra5 16. Bd2 Rxd5 17. Bxc3 Rd3 18.
Rc1 axb3 19. Raa1 Rxc3 20. Rxc3 Be5 21. Rxb3 Bxa1 22. Bxb7 Bxb7 23. Rxb7 Be5
24. c5 Rc8 25. a4 Kf8 26. f4 Bc3 27. Rb3 Ba5 28. Kg2 Ke7 29. e4 d6 30. Rb5 Ra8
31. c6 31... Bb6 {0-1 Figueredo,L-Niamdorzi/Skopje 1972/MCD (31)}) 8... Qh4 9.
h3 Nh6 10. Nc3 d6 11. Nd5 c6 12. Nf4 Ng6 13. Nf3 Qe7 14. Nd3 Bb6 15. b3 Nf5 16.
Ba3 Bxe3 17. fxe3 Nxe3 18. Qd2 Nxf1 19. Bxf1 Nh4 20. Nxh4 Qxh4 21. Qf4 Qxf4 22.
Nxf4 Rd8 23. Rd1 g5 24. Nh5 c5 25. Nf6+ Kg7 26. Bb2 Bf5 27. Rd5 Kg6 28. g4 Bb1
29. Rd1 Bxa2 30. Bd3+ Kh6 31. Bc2 d5 32. cxd5 Rd6 33. Nh5 Rg8 34. Ng3 Rdd8 35.
Nf5+ Kg6 36. Ne7+ {1-0 Portisch,F-Ivan,Z/Zalakaros 1994/TD (36)}) 8. Nc3 Be6 9.
b3 Nd7 10. Na4 Bb6 11. Nxb6 axb6 12. Bb2 Nde5 13. Nd4 Qe7 14. f4 c5 15. Nb5 Nf6
16. Nxd6+ Kf8 17. fxe5 Ne8 18. Bh5 g6 19. Bg4 Rd8 20. Bxe6 Qxe6 21. Qd5 Qxd5
22. cxd5 Nxd6 23. exd6 Rg8 24. Rf6 b5 25. Raf1 Rd7 26. e4 g5 27. e5 h5 28. e6
Rxd6 29. exf7 Rg6 30. Rxd6 {
1-0 Nasjleti,E-Rubio,J/Buenos Aires 1992/EXT 99 (30)}) (7. Nc3 7... d6 $11)
7... Nxf3+ $11 (7... Nxf2 8. Kxf2 Ng4+ 9. Ke1 Nxe3 10. Qb3 Nxg2+ 11. Kd1 Ne3+
12. Ke1 $11) 8. Bxf3 Ne5 9. Be2 d6 10. O-O Qh4 11. Nb3 11... Be6 $11 {
Wird c4 fallen?} (11... Bb6 12. a4 a5 13. Nd4 $15) 12. Nxc5 dxc5 13. f4 13...
Ng4 {Mit der Mattdrohung Qxh2} 14. h3 Nf6 15. Qb3 b6 (15... O-O-O 16. f5 Bd7
17. Qa3 $11) 16. Bf3 Rd8 17. Qa4+ Nd7 18. Qxa7 Qg3 19. Qxc7 O-O (19... Bxc4 $2
{ist nicht spielbar} 20. Rd1 Be6 21. Rd6 $16) 20. a4 $14 (20. Bd2 $5 $16) 20...
Bxh3 21. a5 $17 (21. b3 $5 $14 $142 {und Weiss spielt mit}) 21... Rc8 $14 (
21... Nf6 22. Rf2 Bxg2 23. Rxg2 23... Qxf3 $19) 22. Qb7 Rb8 23. Qc6 bxa5 24.
Rxa5 Rfd8 25. Ra7 Rbc8 26. Qb7 Rf8 27. Rd1 Nf6 28. b3 Rb8 29. Qe7 Ng4 30. Ra2 (
30. Qxc5 Rfd8 31. Qd5 Rxd5 32. cxd5 Nxe3 33. Bxe3 Bxg2 34. Bxg2 Qxe3+ 35. Kh2
Qxf4+ 36. Kh1 Qh6+ 37. Kg1 Qe3+ 38. Kh2 38... Qxa7 $19) 30... Rfc8 $16 (30...
Nh2 $5 {ist bedenkenswert} 31. Bc6 31... Bg4 $15) 31. Rb2 Re8 32. Qxc5 {
Der Freibauer c4 koennte gefaehrlich werden} 32... Rbc8 $16 {
Uebt Druck auf den rueckstaendigen Bauern e3 aus} (32... Rxb3 $1 $142 {
muss erwogen werden} 33. Qc6 Rf8 34. Rxb3 Qf2+ 35. Kh1 Bxg2+ 36. Bxg2 36... Qg3
$11) 33. Qd4 Nh2 34. Bh5 Bg4 35. Bxf7+ Kxf7 36. Qd5+ 36... Kf8 {
Schwarz droht stark Rcd8} 37. Rf2 {Jetzt haengt f5 in der Luft} 37... Ra8 (
37... Bxd1 $4 {waere ein schrecklicher Fehler} 38. Ba3+ Re7 39. Qf5+ Kg8 40.
Qxc8+ (40. Bxe7 Re8 41. Qb5 Rxe7 42. Qd5+ Rf7 43. Qd8+ Rf8 44. Qxd1 Ng4 (44...
Qxe3 $6 45. Qd5+ Kh8 46. Qd6 $19) 45. Qd5+ 45... Kh8 $19) 40... Kf7 41. Qf5+
Ke8 42. Qb5+ (42. Bxe7 $6 42... Kxe7 43. Qe5+ Kf8 44. Qd6+ Ke8 45. Qxd1 45...
Ng4 $18) 42... Kf8 43. Qd7 $18 (43. Bxe7+ $143 43... Kxe7 44. Qe5+ Kf8 45. Qd6+
Ke8 46. Qxd1 46... Ng4 $18)) 38. Qd6+ Kg8 39. f5 Qxd6 40. Rxd6 Ra1 41. Kxh2
Rxc1 42. Rd3 Rd1 43. Rc3 Re1 44. c5 $17 (44. Kg3 h5 45. Kf4 45... Bxf5 $17)
44... R1xe3 45. Rxe3 Rxe3 46. Rf4 h5 47. b4 Kf7 48. c6 Rb3 49. Rc4 Bxf5 50. Rc5
g6 51. b5 {Wenn Weiss jetzt zu Rxf5 kaeme...} 51... Ke7 52. c7 Bc8 53. Rd5
53... Bb7 $11 (53... Bg4 $5 $17 $142) 54. Rd8 Rc3 55. b6 Kf7 56. Rb8 Ba6 57.
Ra8 Bb7 58. Ra7 Bc8 59. Ra8 Bb7 60. Ra7 Bc8 61. Ra8 Bb7 1/2-1/2

[Event "ICS rated blitz match"]
[Site "204.178.125.65"]
[Date "1999.08.18"]
[Round "?"]
[White "Hossa"]
[Black "TheBorg"]
[Result "0-1"]
[WhiteElo "2335"]
[BlackElo "2613"]
[Annotator "Fritz 5.32 (15s)"]
[PlyCount "139"]
[EventDate "1999.??.??"]

1. d4 1... Nf6 {Opening = E30 - 4.Bg5(h6 5.Bh4 c5 6.d5 ---)} 2. c4 e6 3. Nc3
Bb4 4. Bg5 c5 5. d5 h6 6. Bd2 d6 (6... O-O 7. e3 (7. g3 exd5 8. cxd5 Re8 9. Bg2
d6 10. f3 b5 11. e4 Bxc3 12. Bxc3 b4 13. Bxf6 Qxf6 14. Qd2 Nd7 15. Ne2 Ne5 16.
O-O Nc4 17. Qd3 Nxb2 18. Qb5 Rd8 19. a3 a5 20. Qc6 20... Ba6 {
0-1 Hastik,S-Priehoda,V/Litomysl 1996/EXT 98 (20)}) 7... Bxc3 8. Bxc3 exd5 9.
cxd5 d6 10. Ne2 Nbd7 11. Nf4 Ne4 12. Be2 b5 13. O-O Nxc3 14. bxc3 Rb8 15. Rb1
a6 16. h3 Ne5 17. Qc2 Qg5 18. g3 Ng6 19. Qd2 Nxf4 20. exf4 Qf6 21. g4 {
Hort,V-Adorjan,A/Oslo 1984/MCL/ - (43)}) 7. e3 7... O-O $146 (7... Bxc3 8. Bxc3
e5 9. Qc2 Qe7 10. Bd3 Nbd7 11. f3 b5 12. b3 Nb6 13. e4 b4 14. Bd2 a5 15. Ne2
O-O 16. O-O Bd7 17. a4 Rfe8 18. Rae1 Bc8 19. Kh1 Nbd7 20. g3 Kh8 21. Ng1 Ng8
22. f4 {Zsinka,L-Burger,K/Budapest 1982/MCD/ - (39)}) 8. Nf3 Bxc3 9. Bxc3 Ne4
10. Be2 Nxc3 11. bxc3 exd5 12. cxd5 Qf6 13. Qb3 Nd7 14. O-O Nb6 15. c4 Bg4 16.
Qd3 Rae8 17. Nd2 Bf5 18. e4 18... Bd7 $11 (18... Bg6 19. Rab1 $15) 19. Rab1 Re7
20. Qg3 Rfe8 21. Kh1 21... Qd4 {Im Brennpunkt: e4} 22. Bd3 Qc3 23. Nb3 Na4 ({
Schwaecher ist} 23... Nxc4 24. Rfc1 Qf6 25. Bxc4 Rxe4 26. f3 $14) 24. Rfc1 Qf6
25. f3 $15 {Staerkt g4} (25. Nd2 25... b6 $11) 25... a6 26. Nd2 $15 (26. Na5 b6
27. Nb7 27... Re5 $11) 26... Qd4 27. Rb3 Nb2 28. f4 28... b5 $15 (28... Nxd3 $5
29. Rxd3 29... Qb2 $17) 29. Nf3 $17 (29. cxb5 axb5 30. Nf3 Nxd3 31. Nxd4 31...
Nxc1 $17) 29... Qe3 $14 (29... Nxd3 $5 $142 30. Nxd4 30... Nxc1 $17) 30. Re1
Qxd3 31. Rxd3 Nxd3 32. Re3 bxc4 33. Nd2 33... c3 {
Ist dieser Freibauer gefaehrlich?} 34. Rxd3 cxd2 35. Rxd2 35... Rxe4 {
Mit der Mattdrohung Re1} 36. h3 Re3 37. Qh4 f6 38. Rb2 Bb5 39. a4 Bxa4 40. Rb6
40... c4 $17 (40... Bb5 41. Rxd6 c4 42. Qf2 $19) 41. Rxa6 Re1+ 42. Kh2 42... c3
$1 {bleibt am Druecker} 43. Rxa4 c2 44. Rc4 44... c1=Q {Droht Matt: Rh1} 45.
Rxc1 Rxc1 46. Qf2 Rc5 47. Qf3 Kf7 48. h4 f5 49. Qd1 $17 (49. Qh5+ g6 50. Qxh6
Rxd5 51. Qh7+ 51... Kf6 $11) 49... Re4 50. g3 Re3 51. Qh5+ $19 (51. h5 $5 $17)
51... Kf6 52. Qd1 52... Rcc3 $15 (52... Kg6 53. h5+ Kh7 54. Qd2 $19) 53. Qa4 $2
$19 (53. h5 $5 $15 $142 {und Weiss spielt mit}) 53... Re2+ 54. Kh3 54... Rcc2 {
Droht Matt} 55. Qa1+ (55. Qd4+ Kg6 56. Qg1 $19) 55... Kg6 (55... Rb2 $142 {
und Schwarz ist direkt am Ziel} 56. Qg1 g5 57. fxg5+ 57... hxg5 $19) 56. Qh1
Rcd2 57. Qg1 57... h5 {Schwarz erhaelt starke Initiative} 58. Qh1 Re4 (58...
Kh7 $142 {liesse Weiss keine Chance} 59. Qg1 59... Rxd5 $19) 59. Qc1 59... Ree2
$4 $11 {gibt den Vorteil aus der Hand} (59... Ra2 $19 $142 {
und die Waage neigt sich zugunsten von Schwarz}) 60. Qh1 Kh7 61. Qg1 Rxd5 62.
Qb1 62... Kg6 {Schwarz droht Rdd2} 63. Qf1 (63. Qd3 63... Rh2+ $1 {
Rueckgabe des Materials ist das staerkste} 64. Kxh2 64... Rxd3 $19) 63... Rdd2
{Es droht Matt} 64. Qxe2 (64. Qg1 $19 {die letzte Gegenchance}) 64... Rxe2 65.
g4 hxg4+ 66. Kg3 d5 67. h5+ Kf6 (67... Kxh5 $6 $11 {ist weit schwaecher wegen})
68. h6 gxh6 69. Kh4 Re3 70. Kh5 0-1

[Event "ICS rated blitz match"]
[Site "204.178.125.65"]
[Date "1999.08.18"]
[Round "?"]
[White "TheBorg"]
[Black "Hossa"]
[Result "1-0"]
[WhiteElo "2618"]
[BlackElo "2330"]
[Annotator "Fritz 5.32 (15s)"]
[PlyCount "73"]
[EventDate "1999.??.??"]

1. e4 1... c5 {Opening = B56 - 5.Nc3(Nc6 6.---)} 2. Nf3 d6 3. d4 cxd4 4. Nxd4
Nf6 5. Nc3 e5 6. Bb5+ Bd7 7. Bxd7+ Qxd7 8. Nf5 Nxe4 9. Nxg7+ Bxg7 10. Nxe4 d5
11. Bh6 11... dxe4 $146 (11... O-O 12. Bxg7 Kxg7 13. Ng3 (13. Qh5 f5 14. O-O-O
fxe4 15. Qxe5+ Rf6 16. Rxd5 Qe6 17. Qg3+ Rg6 18. Qc3+ Qf6 19. Qc8 Qc6 20. Qd8
Qf6 21. Qc8 Qc6 22. Qd8 Qf6 23. Qc8 {
- Kotter,R-Ostermeyer,P/BL2-W 1992/GER-chT2 (23)}) 13... f5 (13... Nc6 14. O-O
f5 15. f4 e4 16. Qh5 d4 17. Qh3 Rad8 18. Rad1 Kh8 19. Ne2 Qd5 20. Qh6 Qc4 21.
Rd2 e3 22. b3 Qc5 23. Rd3 Qxc2 24. Rxd4 Nxd4 25. Nxd4 Qc3 26. Ne2 Qb2 27. Re1
Qxa2 28. h3 {Janosevic,D-Bertok,M/Ljubljana 1960/MCD/0-1 (45)}) 14. f4 exf4 15.
Qd4+ Kg8 16. Qxf4 Qe6+ 17. Kd2 Qf6 18. Rhf1 Nc6 19. Nxf5 Kh8 20. Qh6 Qxb2 21.
Rab1 Qf6 22. Qxf6+ Rxf6 23. Rxb7 Rg8 24. g3 Na5 25. Re7 Nc6 26. Ree1 Rgf8 27.
g4 Nd4 28. Re5 Rc6 29. Nxd4 {1-0 Panbukchian,V-Kovacevic,V/Pula 1990/TD (29)})
12. Bxg7 {Weiss verhindert die kurze Rochade} 12... Rg8 13. Bxe5 Rxg2 14. Qxd7+
Nxd7 15. Bg3 Rc8 16. c3 e3 17. Kf1 (17. fxe3 {ist schnell zu verwerfen} 17...
Rxb2 18. Rf1 18... Rxc3 $19) 17... Rxf2+ 18. Bxf2 exf2 19. Kxf2 Rc6 20. Rhe1+
Kd8 21. Rad1 Rf6+ 22. Ke3 Rh6 23. Rd4 23... Rh3+ $2 (23... Re6+ $142 24. Kf2
Rxe1 25. Kxe1 25... Ke7 $18) 24. Kf2 $1 {glaenzend gespielt} 24... Rxh2+ 25.
Kg3 {Weiss erhaelt Koenigsangriff} 25... Rxb2 26. Red1 Ke7 27. Rxd7+ Ke8 28.
Rc7 Rxa2 29. Re1+ Kf8 30. Ree7 {Droht Matt: Rxf7} 30... Rc2 (30... Kg7 {
bietet noch letzte Rettungschancen} 31. Rxf7+ Kg6 32. Rxb7 32... a6 $18) 31.
Rxf7+ Ke8 32. Rxh7 {Droht Matt} 32... Kd8 33. Rcg7 {Mit der Mattdrohung Rg8}
33... Re2 34. Rxb7 {Es droht Matt} 34... Kc8 35. Rxa7 {Droht Matt} 35... Rg2+ (
35... Kb8 {ist der letzte Rettungsanker} 36. c4 36... Re5 $18) 36. Kxg2 Kd8 (
36... Kb8 {hilft allerdings auch nicht} 37. Kf3 Kc8 38. Ra8#) 37. Rh8# (37.
Ra8#) 1-0

[Event "ICS rated blitz match"]
[Site "204.178.125.65"]
[Date "1999.08.18"]
[Round "?"]
[White "Hossa"]
[Black "TheBorg"]
[Result "0-1"]
[WhiteElo "2325"]
[BlackElo "2623"]
[Annotator "Fritz 5.32 (15s)"]
[PlyCount "73"]
[EventDate "1999.??.??"]

1. d4 1... Nf6 {Opening = E30 - 4.Bg5(h6 5.Bh4 c5 6.d5 ---)} 2. c4 e6 3. Nc3
Bb4 4. Bg5 h6 5. Bh4 c5 6. d5 Nxd5 (6... O-O 7. e3 d6 8. Bd3 Bxc3+ 9. bxc3 e5
10. Qc2 g5 11. Bg3 Nh5 12. Qd1 Nxg3 13. hxg3 Kg7 14. g4 Nd7 15. Ne2 Nf6 16. Ng3
Bxg4 17. f3 Bd7 18. Bf5 Rh8 19. Qb1 Rb8 20. a4 Kf8 21. Kf2 {
Balashov,Y-Taimanov,M/Vilnius 1975/MCL/0-1 (35)}) 7. Bxd8 Nxc3 8. Qb3 (8. Qd2
Na4 9. Qxb4 cxb4 10. Ba5 Nxb2 11. e3 Nc6 12. Rb1 Nxc4 13. Bxb4 Nxb4 14. Rxb4
Ne5 15. Bc4 a5 16. Ra4 Nxc4 17. Rxc4 b5 18. Rc7 Kd8 19. Rc5 Bb7 20. Ne2 b4 21.
O-O d6 22. Rc2 Kd7 23. Rb1 23... Be4 {
0-1 Hein,T-Zubavicius,K/Marijampole 1996/EXT 98 (23)}) 8... Ne4+ 9. Qxb4 $146 {
Weiss kann das gewonnene Material nicht behalten} (9. Kd1 Nxf2+ 10. Kc2 Kxd8
11. Qg3 Nxh1 12. Qxg7 Re8 13. Nh3 Nc6 14. e3 f5 15. Be2 b6 16. Rxh1 Re7 17. Qf6
Kc7 18. Bf3 Re8 19. Bxc6 Kxc6 20. Nf4 d6 21. Nd3 Ba5 22. a3 b5 23. cxb5+ Kxb5
24. Qf7 Rd8 25. Nf4 Kc6 26. Rd1 d5 27. Nxe6 Bxe6 28. Qxe6+ Rd6 29. Qxf5 Re8 30.
Qf7 Ra8 31. g4 Bb6 32. h4 Rad8 33. g5 hxg5 34. hxg5 R6d7 35. Qf5 c4 36. g6 d4
37. exd4 Bxd4 38. Qe6+ Kc5 39. Rf1 Rd6 40. Qe4 Rg8 41. Rf5+ Kb6 42. Rf7 Rgxg6
43. Qb7+ Kc5 44. Rf5+ {1-0 Yrjola,J-Havansi,E/Kuopio 1992/EXT 97 (44)}) 9...
cxb4 10. Bh4 Nc6 11. f3 11... Nc5 {Der Springer kann schlecht vertrieben werden
} 12. Bf2 12... b6 {Kontrolliert c5} 13. e4 O-O 14. O-O-O b3 15. a3 {
Ueberdeckt b4} 15... Na5 16. Be2 $17 (16. Rd6 16... e5 $15) 16... Ba6 17. Bxc5
bxc5 18. Rxd7 Nxc4 19. Bxc4 {Nicht von der Hand zu weisen} 19... Bxc4 20. Nh3
Bb5 21. Rb7 a6 22. Rd1 Rad8 23. Nf2 Rd4 24. Rc7 $19 (24. Rxd4 $5 $142 24...
cxd4 25. Rc7 $17) 24... Rc4+ {Schwarz geht zum Angriff ueber} 25. Kb1 Rc2 26.
a4 26... Bxa4 $1 {zwingend und schoen} (26... Rxf2 $6 27. axb5 axb5 28. Rxc5
$17) 27. Nd3 (27. Ng4 Rxg2 28. h4 $19) 27... Rd8 28. g4 (28. Nf2 {
hilft auch nicht mehr} 28... Rdd2 (28... Rxf2 29. Rxd8+ Kh7 30. Rxc5 $15) 29.
Rxd2 Rxd2 30. Rxc5 30... Rxf2 $19) 28... Bb5 29. Nf2 Rdd2 (29... Rxf2 $6 {
scheint erheblich schwaecher} 30. Rxd8+ Kh7 31. Rxc5 Rxh2 32. Rc3 $17) 30. Rxd2
Rxd2 31. Rxc5 31... Rxf2 {Es droht Matt} 32. Kc1 Rxf3 33. Rc8+ Kh7 34. Rd8 Rf4
35. Rf8 Rxe4 36. Rxf7 Rc4+ 37. Kd1 0-1